Philosophische Propädeutik Ein Leitfaden zu Vorträgen an höhern Lehranstalten 1. Grundriss der Empirischen Psychologie und Logik

Bibliographic Details
Main Author: Beck, Josef (Author)
Format: Book
Language:German
PhysicalDescription:16, 160 s. 8°
Published: Stuttgart J. B. Metzler 1849
Edition:3. verb. Auflage
Subjects:

MARC

LEADER 00000nam a2200000 a 4500
001 vtls001057483
003 SK-MaSNL
005 20260301101001.0
008 251124s1849 xx 0 ger
035 |a SNK000000283 
040 |a SNK  |b slo  |c SNK  |e AACR2 
041 0 |a ger 
044 |a xx 
080 |a 159.9+16  |2 1981 
100 1 |a Beck, Josef  |4 aut  |9 357137 
245 1 0 |a Philosophische Propädeutik  |b Ein Leitfaden zu Vorträgen an höhern Lehranstalten  |n 1.  |p Grundriss der Empirischen Psychologie und Logik  |c Josef Beck 
250 |a 3. verb. Auflage 
260 |a Stuttgart  |b J. B. Metzler  |c 1849 
300 |a 16, 160 s.  |c 8° 
650 0 7 |a empirická psychológia  |2 SNK  |9 92784 
650 0 7 |a logika  |x prednášky vysokoškolské  |2 SNK  |9 434591 
958 |a ONDV 
958 |a RK 
999 |c 687939  |d 689869 
952 |t P60, <04>, [BOOK], {604}  |a SNK  |b SNK  |y VYP  |7 0  |o snkID 27863  |i snkD 856/61  |0 0  |1 0  |4 0  |d 1995-02-02  |l 0  |r 2004-12-31 00:00:00  |w 2026-02-23